Control of switching systems by invariance analysis : application to power electronics /
"This book presents correct-by-design control techniques for switching systems, using different methods of stability analysis. Switching systems are increasingly used in the electronics and mechanical industries; in power electronics and the automotive industry, for example. This is due to thei...
| Κύριος συγγραφέας: | |
|---|---|
| Άλλοι συγγραφείς: | |
| Μορφή: | Ηλ. βιβλίο |
| Γλώσσα: | English |
| Έκδοση: |
London :
ISTE ;
2013.
Hoboken, NJ : Wiley, 2013. |
| Σειρά: | Focus series in networks and telecommunications.
|
| Θέματα: | |
| Διαθέσιμο Online: | Full Text via HEAL-Link |
| LEADER | 03563nam a2200709 4500 | ||
|---|---|---|---|
| 001 | ocn857662917 | ||
| 003 | OCoLC | ||
| 005 | 20170124071345.1 | ||
| 006 | m o d | ||
| 007 | cr cnu---unuuu | ||
| 008 | 130905s2013 enk ob 001 0 eng d | ||
| 010 | |z 2013941774 | ||
| 040 | |a N$T |b eng |e pn |c N$T |d DG1 |d CUS |d IDEBK |d CDX |d E7B |d UMC |d COO |d OCLCF |d OCLCQ |d CAUOI |d B24X7 |d YDXCP |d DEBSZ |d DEBBG |d OCLCQ |d AZK |d GrThAP | ||
| 019 | |a 856625960 |a 858490715 |a 961667355 |a 962583746 | ||
| 020 | |a 9781118791455 |q (electronic bk.) | ||
| 020 | |a 1118791452 |q (electronic bk.) | ||
| 020 | |a 9781118791486 |q (electronic bk.) | ||
| 020 | |a 1118791487 |q (electronic bk.) | ||
| 020 | |a 1299805205 |q (ebk) | ||
| 020 | |a 9781299805200 |q (ebk) | ||
| 020 | |z 9781848216068 | ||
| 020 | |z 1848216068 | ||
| 029 | 1 | |a AU@ |b 000052185305 | |
| 029 | 1 | |a CHBIS |b 010131651 | |
| 029 | 1 | |a CHVBK |b 314710426 | |
| 029 | 1 | |a DEBBG |b BV041634230 | |
| 029 | 1 | |a DEBBG |b BV041910034 | |
| 029 | 1 | |a DEBBG |b BV043396197 | |
| 029 | 1 | |a DEBSZ |b 431523398 | |
| 029 | 1 | |a DKDLA |b 820120-katalog:000667309 | |
| 029 | 1 | |a NZ1 |b 15341875 | |
| 035 | |a (OCoLC)857662917 |z (OCoLC)856625960 |z (OCoLC)858490715 |z (OCoLC)961667355 |z (OCoLC)962583746 | ||
| 037 | |a 511771 |b MIL | ||
| 050 | 4 | |a TK7868.S9 | |
| 072 | 7 | |a TEC |x 009070 |2 bisacsh | |
| 082 | 0 | 4 | |a 621.381537 |2 23 |
| 049 | |a MAIN | ||
| 100 | 1 | |a Fribourg, Laurent, |d 1957- | |
| 245 | 1 | 0 | |a Control of switching systems by invariance analysis : |b application to power electronics / |c Laurent Fribourg, Romain Soulat. |
| 264 | 1 | |a London : |b ISTE ; |c 2013. | |
| 264 | 1 | |a Hoboken, NJ : |b Wiley, |c 2013. | |
| 300 | |a 1 online resource (xvi, 128 pages). | ||
| 336 | |a text |b txt |2 rdacontent | ||
| 337 | |a computer |b c |2 rdamedia | ||
| 338 | |a online resource |b cr |2 rdacarrier | ||
| 490 | 1 | |a Focus series | |
| 588 | 0 | |a Online resource; title from PDF title page (Wiley, viewed on Sept. 13, 2013). | |
| 504 | |a Includes bibliographical references and index. | ||
| 520 | |a "This book presents correct-by-design control techniques for switching systems, using different methods of stability analysis. Switching systems are increasingly used in the electronics and mechanical industries; in power electronics and the automotive industry, for example. This is due to their flexibility and simplicity in accurately controlling industrial mechanisms. By adopting appropriate control rules, we can steer a switching system to a region centered at a desired equilibrium point, while avoiding "unsafe" regions of parameter saturation. The authors explain various correct-by-design methods for control synthesis, using different methods of stability and invariance analysis. They also provide several applications of these methods to industrial examples of power electronics. -- |c Unedited summary from book. | ||
| 650 | 0 | |a Switching circuits. | |
| 650 | 0 | |a Electronic controllers. | |
| 650 | 0 | |a Control theory. | |
| 650 | 7 | |a TECHNOLOGY & ENGINEERING |x Mechanical. |2 bisacsh | |
| 650 | 7 | |a Control theory. |2 fast |0 (OCoLC)fst00877085 | |
| 650 | 7 | |a Electronic controllers. |2 fast |0 (OCoLC)fst00906934 | |
| 650 | 7 | |a Switching circuits. |2 fast |0 (OCoLC)fst01140635 | |
| 655 | 4 | |a Electronic books. | |
| 700 | 1 | |a Soulat, Romain. | |
| 776 | 0 | 8 | |i Print version: |a Fribourg, Laurent. |t Control of switching systems by invariance analysis. |d London : ISTE : Wiley, 2013 |z 9781848216068 |w (DLC) 2013941774 |w (OCoLC)856629959 |
| 830 | 0 | |a Focus series in networks and telecommunications. | |
| 856 | 4 | 0 | |u https://doi.org/10.1002/9781118791486 |z Full Text via HEAL-Link |
| 994 | |a 92 |b DG1 | ||